000
00232nam a2200097Ia 4500
008
220204s9999 xx 000 0 und d
082
_a
629.113
_b
USB
245
0
_a
Usborne book of speed
260
_a
London
_b
Usborne
_c
1978
942
_c
BK
999
_c
35897
_d
35897